| 000 | 00469nam a22001937a 4500 | ||
|---|---|---|---|
| 003 | MPLRDC | ||
| 005 | 20220104124700.0 | ||
| 008 | 210129b ||||| |||| 00| 0 eng d | ||
| 020 | _a7-80579-181-3 | ||
| 082 | _a855 XM | ||
| 100 | _a夏马著 | ||
| 245 |
_a香港情怀 _c |
||
| 250 | _a一版一刷 | ||
| 260 |
_a _b百花洲文艺出版社 _c1992 |
||
| 300 | _b平 | ||
| 490 | _a龙香文学丛书 | ||
| 650 | _a散文;随笔、日记 | ||
| 942 |
_cBK _o855 XM |
||
| 999 |
_c21287 _d21277 |
||